| 000 | 00795cam a2200253 a 4500 | ||
|---|---|---|---|
| 001 | 000019513 | ||
| 005 | 20200929170036.0 | ||
| 008 | 810115s1960 sp 001 f spa d | ||
| 035 | _a(DLC) 30034164 | ||
| 040 |
_aDO-SdBNP _bspa _cBNPHU |
||
| 082 |
_a863.62 _bL579a |
||
| 100 | 1 |
_aLeón, Ricardo, _d1877-1943 _941659 |
|
| 245 | 1 | 0 |
_aAlcalá de los Zegríes : _bnovela / _cRicardo León. |
| 260 |
_aMadrid : _bEspasa- Calpe, _c1960. |
||
| 300 |
_a238 p. ; _c18 cm. |
||
| 490 | 1 |
_aAustral. Azul: novelas y cuentos en general _v1291 |
|
| 500 | _aIncluye índice de autores. | ||
| 650 | 4 |
_aNovela española _91123 |
|
| 650 | 4 |
_aLiteratura española _9632 |
|
| 830 | 0 |
_aAustral. _pAzul: novelas y cuentos; _v1291 _941554 |
|
| 910 | _aCatalogación derivada / LC | ||
| 910 | _aWM | ||
| 049 | _aBNGR | ||
| 999 |
_c19029 _d19029 |
||